000 00452nam a2200169Ia 4500
003 GCL
008 140319s9999 xx 000 0 ara d
040 _aGCL /
_cGCL
082 0 4 _aد
_b050
100 1 _aاحمد حامد منصور
245 1 0 _aمدمنون و مدمنات (اقرا 575) /
_cاحمد حامد منصور
300 _a160
490 _aاقرأ
_v0
650 0 4 _aالمخدرات
650 0 4 _aالمدمنون
942 _2ddc
_cBK
999 _c49058
_d49058